000
00263nam a22001217a 4500
041
_a
ENG
100
_a
Houk I.E
245
_a
Irrigation Engineering Volume-1
260
_a
New York
_b
John Wiley
_c
1980
300
_a
545
650
_a
IDE ( 05 )
856
_u
IDE ( 05 )
999
_c
2784
_d
2784